LEADER 01400nam a2200289 4500 001 000000339312 003 CaOOAMICUS 005 20211011105813.0 008 200207s2009 it a 000 u ita r 020 $a978-88-6124-097-1 040 $aSeMil$bita 245 00$aLorenzo Milani :$bmemoria e risorsa per una nuova cittadinanza /$ca cura di Luigi Di Santo e Sergio Tanzarella. 264 1$aTrapani :$bIl pozzo di Giacobbe,$c2009. 300 $a203 p. :$bill. ;$c21 cm 490 1 $aOi christianoi. Sezione moderna/contemporanea ;$v3 600 14$aMilani, Lorenzo .$0(OLS)http://semarc/subject/9740 650 4$aCittadinanza.$0(OLS)http://semarc/subject/4912 700 1 $aDi Santo, Luigi,$d<1964- >.$0(OLS)http://semarc/name/110920 700 1 $aTanzarella, Sergio,$d<1959- >.$0(OLS)http://semarc/name/89122 830 0$aOi christianoi. Sezione moderna/contemporanea ;$v3.$0(OLS)http://semarc/title/40734 850 $aSeMil 852 $aSeMil$W1$xVenegono$y1$m2TA I 3$j231061$B230422$CSeMilBibl$Z2$F230422 $81 961 $aPerego don Stefano - Omaggio 996 $6020$a978-88-6124-097-1$9(OLS)http://semarc/number/289864 996 $6245$aLorenzo Milani :$bmemoria e risorsa per una nuova cittadinanza$9(OLS)http://semarc/title/428107 996 $6264$aTrapani :$bIl pozzo di Giacobbe$9(OLS)http://semarc/publisher/31941 LEADER 01013nam a2200253 i 4500 001 000000042436 003 CaOOAMICUS 005 20120320000000.0 008 120320s1994 it u000 u ita u 013 $a13606 020 $a8870941086 040 $aSeMil$bita 100 1 $aPerini, Giuseppe.$0(OLS)http://semarc/name/21012 245 12$aI Sacramenti e la grazia di Cristo Redentore /$cGiuseppe Perini. 300 $a555 p. 490 0 $aClaustrum ;$v14 650 4$aSacramenti.$0(OLS)http://semarc/subject/124 773 0 $tCatechesi sui Sacramenti dopo il "Nuovo Catechismo".$dBologna : Edizioni Studio Domenicano, copyr. 1994.$gVol.1$w()580 830 0$aClaustrum ;$v14.$0(OLS)http://semarc/title/8145 850 $aSeMil 852 $aSeMil$W1$xVenegono$y1$m2C IV 285$j8591$B8591$CSeMilBibl$Z2$F8591 $81 961 $aOmaggio: Scuola Cattolica 996 $6020$a8870941086$9(OLS)http://semarc/number/13721 996 $6245$aI Sacramenti e la grazia di Cristo Redentore$9(OLS)http://semarc/title/61892